[Event "Schachfestival 2013 - Open"]
[Site "Bad Woerishofen"]
[Date "2013.03.02"]
[Round "3.10"]
[White "Mainka, Romuald"]
[Black "Schelle, Artur"]
[Result "1-0"]
[WhiteElo "2430"]
[BlackElo "2208"]
[Annotator "chessorg"]
[PlyCount "81"]
[EventDate "2013.??.??"]
[WhiteTeam "Schachclub Hansa Dortmund e.V."]
[BlackTeam "SC Tarrasch 45 Muenchen"]

1. d4 f5 2. Nc3 Nf6 3. Bg5 d5 4. e3 e6 5. Nf3 Be7 6. Bd3 O-O 7. Ne2 c5 8. dxc5
Ne4 9. Bxe7 Qxe7 10. c4 Qxc5 11. cxd5 Qb4+ 12. Nd2 exd5 13. b3 Nc6 14. a3 Qe7
15. O-O Be6 16. Nf3 Bf7 17. Nfd4 Bh5 18. f3 Nd6 19. Qd2 Rae8 20. Nc2 g5 21. Nc3
Bf7 22. Rab1 Rd8 23. Be2 Ne8 24. Nb5 Ng7 25. Bd3 Rfe8 26. Rfe1 Bg6 27. Nbd4 Qd6
28. Rbd1 Ne5 29. Bb5 Rf8 30. f4 Nf7 31. Rf1 Bh5 32. Be2 Bxe2 33. Nxe2 g4 34.
Nb4 Qb6 35. Qd4 Qa5 36. Nxd5 Qxa3 37. Nec3 a6 38. Qf6 Rde8 39. b4 Qb2 40. Qd4
Rd8 41. Rd2 1-0

[Event "Schachfestival 2013 - Open"]
[Site "Bad Woerishofen"]
[Date "2013.03.02"]
[Round "3.11"]
[White "Pirrot, Dieter"]
[Black "Grawe, Christian"]
[Result "1-0"]
[WhiteElo "2377"]
[BlackElo "2199"]
[Annotator "chessorg"]
[PlyCount "91"]
[EventDate "2013.??.??"]
[WhiteTeam "SV Hofheim"]
[BlackTeam "Schachklub Germering e. V."]

1. e4 c6 2. d4 d5 3. exd5 cxd5 4. c4 Nf6 5. Nc3 Nc6 6. Bg5 dxc4 7. Bxc4 h6 8.
Bh4 Qxd4 9. Qxd4 Nxd4 10. O-O-O e5 11. f4 Bg4 12. Nf3 Bxf3 13. gxf3 Rc8 14.
fxe5 Rxc4 15. exf6 Ne6 16. Bg3 gxf6 17. Kb1 Rg8 18. Nd5 Be7 19. Rhe1 Kf8 20. f4
f5 21. Ne3 Rc5 22. Rd7 Bf6 23. Rxb7 a5 24. Rc1 Kg7 25. Rxc5 Nxc5 26. Rb5 Rc8
27. Nxf5+ Kg6 28. Nd6 Rc6 29. f5+ Kh5 30. Nxf7 Nd3 31. a4 Rc1+ 32. Ka2 Rc2 33.
Be5 Nxe5 34. Nxe5 Rxh2 35. Rxa5 Re2 36. Nd3 Rd2 37. Rd5 Kg5 38. a5 Bxb2 39. Kb3
Bf6 40. a6 Rd1 41. Kc4 Ra1 42. Nc5 Be7 43. Kb5 h5 44. Ne4+ Kf4 45. f6 Bf8 46.
Nc5 1-0

[Event "Schachfestival 2013 - Open"]
[Site "Bad Woerishofen"]
[Date "2013.03.02"]
[Round "3.12"]
[White "Kammers, Heribert"]
[Black "Estremera, Sergio"]
[Result "0-1"]
[WhiteElo "2166"]
[BlackElo "2365"]
[Annotator "chessorg"]
[PlyCount "52"]
[EventDate "2013.??.??"]
[WhiteTeam "Schachklub Muenster 32 e.V."]

1. d4 e6 2. c4 Nf6 3. Nc3 Bb4 4. e3 O-O 5. Bd3 d5 6. Nf3 c5 7. O-O dxc4 8. Bxc4
cxd4 9. exd4 b6 10. Be3 Bb7 11. Ne5 Nbd7 12. Qb3 Bxc3 13. bxc3 Nxe5 14. dxe5
Nd7 15. Rad1 Qc7 16. f4 Nc5 17. Bxc5 Qxc5+ 18. Rd4 Rfd8 19. Rfd1 Rac8 20. Kh1
Rxd4 21. Rxd4 Bd5 22. Qb5 Qxb5 23. Bxb5 Rxc3 24. Rd1 Rc2 25. a4 g6 26. Bf1 Rf2
0-1

[Event "Schachfestival 2013 - Open"]
[Site "Bad Woerishofen"]
[Date "2013.03.02"]
[Round "3.18"]
[White "Colovic, Aleksandar"]
[Black "Arounopoulos, Stephan"]
[Result "1-0"]
[WhiteElo "2484"]
[BlackElo "2129"]
[Annotator "chessorg"]
[PlyCount "89"]
[EventDate "2013.??.??"]
[BlackTeam "SK e4 Gerlingen"]

1. c4 e5 2. g3 g6 3. Bg2 Bg7 4. Nc3 Nc6 5. e4 d6 6. Nge2 Be6 7. d3 Nge7 8. O-O
O-O 9. Nd5 Kh8 10. Be3 Nd4 11. Nxd4 exd4 12. Bg5 f6 13. Bd2 c6 14. Nf4 Bd7 15.
b4 c5 16. bxc5 dxc5 17. Rb1 b6 18. Nd5 Nc6 19. f4 Qc8 20. Kh1 Rf7 21. Bf3 Be6
22. Rg1 Qf8 23. Bg4 Qc8 24. Bxe6 Qxe6 25. Qf3 Raf8 26. Rbf1 Qd7 27. Qe2 Re8 28.
Qd1 Kg8 29. Rg2 Qd6 30. g4 Ref8 31. Be1 Bh6 32. Bg3 Bg7 33. h4 Qd7 34. Rh2 h6
35. Qe2 Rc8 36. f5 g5 37. hxg5 hxg5 38. Qg2 Bh8 39. Qd2 Qd8 40. Kg2 Rh7 41.
Rxh7 Kxh7 42. Rh1+ Kg8 43. Kf3 Qe8 44. Qh2 Bg7 45. Qh7+ 1-0

[Event "Schachfestival 2013 - Open"]
[Site "Bad Woerishofen"]
[Date "2013.03.02"]
[Round "3.20"]
[White "Stuemer, Paul"]
[Black "Schulze, Ulrich"]
[Result "1-0"]
[WhiteElo "2117"]
[BlackElo "2318"]
[Annotator "chessorg"]
[PlyCount "55"]
[EventDate "2013.??.??"]
[WhiteTeam "SV Bergneustadt/Derschlag"]
[BlackTeam "SC Bretten"]

1. Nf3 Nf6 2. c4 c6 3. e3 d5 4. Nc3 e6 5. b3 Nbd7 6. Bb2 Bd6 7. Qc2 Qe7 8. Be2
O-O 9. O-O a6 10. d4 b5 11. c5 Bc7 12. b4 a5 13. a3 axb4 14. axb4 Rxa1 15. Rxa1
e5 16. dxe5 Nxe5 17. Nxe5 Qxe5 18. g3 Bg4 19. Nxb5 Qh5 20. Nd4 Be5 21. Ra2 h6
22. Nxc6 Bxe2 23. Nxe5 Ng4 24. Nxg4 Qxg4 25. h3 Qf3 26. Bxg7 Bd1 27. Qb2 Re8
28. Qf6 1-0

[Event "Schachfestival 2013 - Open"]
[Site "Bad Woerishofen"]
[Date "2013.03.02"]
[Round "3.23"]
[White "Felgendreher, Heiko"]
[Black "Wörl, Richard"]
[Result "1-0"]
[WhiteElo "2208"]
[BlackElo "2054"]
[Annotator "chessorg"]
[PlyCount "81"]
[EventDate "2013.??.??"]
[WhiteTeam "Freibauer Moerlenbach-Birkenau"]
[BlackTeam "SW Nuernberg Sued e.V."]

1. e4 c5 2. Nf3 Nc6 3. d4 cxd4 4. Nxd4 e5 5. Nb5 d6 6. N1c3 a6 7. Na3 b5 8. Nd5
Nf6 9. Bg5 Be7 10. Bxf6 Bxf6 11. c3 O-O 12. Nc2 Bg5 13. a4 Rb8 14. h4 Bh6 15.
axb5 axb5 16. g3 Ne7 17. Nxe7+ Qxe7 18. Nb4 Bb7 19. Bg2 Ra8 20. Rxa8 Rxa8 21.
O-O Qc7 22. Qd3 Qc5 23. Rd1 Rd8 24. Bf1 Kf8 25. Qf3 Rd7 26. Qf5 Re7 27. Nd5 Re6
28. Qxh7 Bxd5 29. Qh8+ Ke7 30. Rxd5 Qa7 31. Bxb5 Qa1+ 32. Bf1 Qe1 33. Rb5 Be3
34. Rb7+ Kf6 35. Qd8+ Kg6 36. h5+ Kh7 37. Rxf7 Bxf2+ 38. Rxf2 Qe3 39. Kg2 Qxe4+
40. Kh2 Rh6 41. Qe8 1-0

[Event "Schachfestival 2013 - Open"]
[Site "Bad Woerishofen"]
[Date "2013.03.02"]
[Round "3.28"]
[White "Dewenter, Ulf"]
[Black "Schinnerl, Werner"]
[Result "1-0"]
[WhiteElo "2157"]
[BlackElo "1893"]
[Annotator "chessorg"]
[PlyCount "45"]
[EventDate "2013.??.??"]
[WhiteTeam "Schachclub Weisse Dame Borbeck 25"]
[BlackTeam "Reutte"]

1. f4 c5 2. Nf3 g6 3. e4 Bg7 4. Nc3 e6 5. e5 Nc6 6. Ne4 Bf8 7. d4 f5 8. Nxc5
Nxd4 9. Qxd4 Qc7 10. Be3 Ne7 11. O-O-O Nd5 12. Nd3 a5 13. Kb1 b5 14. Rc1 b4 15.
g4 fxg4 16. Ng5 Ba6 17. Ne4 Qc6 18. Nf6+ Nxf6 19. exf6 Qxh1 20. f7+ Kxf7 21.
Qxh8 Bg7 22. Qxh7 Rh8 23. Ne5+ 1-0

[Event "Schachfestival 2013 - Open"]
[Site "Bad Woerishofen"]
[Date "2013.03.02"]
[Round "3.39"]
[White "Baeuml, Ulrich"]
[Black "Fiedler, Wolfgang"]
[Result "1-0"]
[WhiteElo "2094"]
[BlackElo "1999"]
[Annotator "chessorg"]
[PlyCount "119"]
[EventDate "2013.??.??"]
[WhiteTeam "SC Dillingen"]
[BlackTeam "SK Zirndorf e.V."]

1. c4 g6 2. g3 Bg7 3. Bg2 c5 4. Nc3 Nc6 5. d3 d6 6. Rb1 Bd7 7. a3 Rb8 8. Bd2 f5
9. Nf3 Nd4 10. O-O Bc6 11. e3 Nxf3+ 12. Bxf3 Bxf3 13. Qxf3 Qd7 14. b4 cxb4 15.
Rxb4 Nh6 16. Rfb1 b6 17. a4 Rc8 18. a5 bxa5 19. Rb7 Rc7 20. Rxc7 Qxc7 21. Rb7
Qc8 22. Qd5 Ng4 23. Rxa7 Nf6 24. Ra8 Nxd5 25. Rxc8+ Kd7 26. Rxh8 Bxc3 27. Rb8
Bxd2 28. cxd5 Kc7 29. Rb5 Bc3 30. Kf1 a4 31. Rb1 Kd7 32. Ke2 a3 33. Rb7+ Ke8
34. Ra7 Bb2 35. Kd1 Kf7 36. Kc2 Kf6 37. d4 g5 38. f4 g4 39. Kb1 Kf7 40. Rb7 Kf6
41. Rb3 Kf7 42. Rd3 Kf6 43. Rd1 Kg6 44. Ka2 Kf6 45. Re1 h5 46. e4 Bxd4 47. Kxa3
h4 48. gxh4 Bf2 49. e5+ dxe5 50. fxe5+ Kg6 51. h5+ Kxh5 52. Rf1 g3 53. hxg3
Bxg3 54. Rxf5+ Kg6 55. Rf1 Bxe5 56. Kb4 Bf6 57. Kc5 Kf7 58. Kc6 Kg6 59. Kd7 Kf7
60. Rf3 1-0

[Event "Schachfestival 2013 - Open"]
[Site "Bad Woerishofen"]
[Date "2013.03.02"]
[Round "3.41"]
[White "Klamp, Christoph"]
[Black "Ditmas, Hugh"]
[Result "1/2-1/2"]
[WhiteElo "2092"]
[BlackElo "1966"]
[Annotator "chessorg"]
[PlyCount "47"]
[EventDate "2013.??.??"]
[WhiteTeam "Schachforum Darmstadt"]
[BlackTeam "Bremer SG von 1877"]

1. Nf3 Nf6 2. g3 e6 3. Bg2 d5 4. O-O Be7 5. d3 O-O 6. Nbd2 c5 7. e4 Nc6 8. Re1
Qc7 9. e5 Nd7 10. Qe2 Re8 11. Nf1 b5 12. Bf4 Bb7 13. h4 Rac8 14. N1h2 b4 15.
Ng4 Nd4 16. Qd1 Bf8 17. Ng5 h6 18. Nf3 a5 19. Qd2 Nxf3+ 20. Bxf3 c4 21. dxc4
Qxc4 22. Ne3 Qc7 23. Nxd5 Bxd5 24. Bxd5 1/2-1/2

[Event "Schachfestival 2013 - Open"]
[Site "Bad Woerishofen"]
[Date "2013.03.02"]
[Round "3.50"]
[White "Ries, Berthold"]
[Black "Titz, Waldemar"]
[Result "1-0"]
[WhiteElo "1946"]
[BlackElo "1734"]
[Annotator "chessorg"]
[PlyCount "45"]
[EventDate "2013.??.??"]
[WhiteTeam "SU Ebersberg-Grafing"]
[BlackTeam "SV Rottweil"]

1. e4 d6 2. d4 Nf6 3. Nc3 g6 4. f4 Bg4 5. Nf3 Bg7 6. Bd3 c6 7. O-O O-O 8. Be3
a6 9. e5 dxe5 10. fxe5 Nd5 11. Nxd5 cxd5 12. h3 Bxf3 13. Qxf3 Nc6 14. c3 e6 15.
Qg3 Ne7 16. Bg5 Qd7 17. Qh4 Nf5 18. Bxf5 exf5 19. Bf6 Qe6 20. g4 Rae8 21. Rxf5
gxf5 22. Qg5 Qxf6 23. exf6 1-0

[Event "Schachfestival 2013 - Open"]
[Site "Bad Woerishofen"]
[Date "2013.03.02"]
[Round "3.56"]
[White "Bangert, Ruediger"]
[Black "Stein, Marco"]
[Result "0-1"]
[WhiteElo "1694"]
[BlackElo "2147"]
[Annotator "chessorg"]
[PlyCount "66"]
[EventDate "2013.??.??"]
[WhiteTeam "SG Siemens Erlangen e.V."]
[BlackTeam "SK Marktoberdorf"]

1. e4 c5 2. Nc3 a6 3. a4 Nc6 4. d3 e6 5. Nf3 d5 6. e5 Nge7 7. Bg5 Qc7 8. Bf4
Ng6 9. Bg3 Ngxe5 10. Nxe5 Nxe5 11. f4 Nc6 12. Qe2 Nd4 13. Qd2 Bd6 14. Ne2 Nf5
15. Nc3 h5 16. Ne2 Bd7 17. Bf2 d4 18. g3 Bc6 19. Rg1 O-O-O 20. b3 Kb8 21. O-O-O
b5 22. axb5 axb5 23. Kb2 Kb7 24. Ra1 Ra8 25. c4 Rxa1 26. Kxa1 Ra8+ 27. Kb1 bxc4
28. bxc4 Kc8 29. Nc1 Rb8+ 30. Ka1 Qb6 31. Qc2 Ba4 32. Qa2 Qb4 33. Bg2 Qc3+ 0-1

[Event "Schachfestival 2013 - Open"]
[Site "Bad Woerishofen"]
[Date "2013.03.02"]
[Round "3.62"]
[White "Neuens, Heiko"]
[Black "Wieczorek, Heinz"]
[Result "1-0"]
[WhiteElo "2032"]
[BlackElo "1818"]
[Annotator "chessorg"]
[PlyCount "43"]
[EventDate "2013.??.??"]
[WhiteTeam "SC 1948 Pruem"]
[BlackTeam "SW Nuernberg Sued e.V."]

1. e4 e5 2. Nf3 Nc6 3. Nc3 Nf6 4. d4 exd4 5. Nd5 h6 6. Nxd4 Bc5 7. Be3 Bxd4 8.
Bxd4 Nxd4 9. Qxd4 Nxd5 10. exd5 Qe7+ 11. Kd2 O-O 12. Re1 Qg5+ 13. f4 Qg6 14.
Bd3 Qb6 15. Qxb6 axb6 16. h3 Ra5 17. d6 cxd6 18. Re7 f5 19. Rhe1 Rc5 20. b4 Rc7
21. g4 fxg4 22. Bg6 1-0

[Event "Schachfestival 2013 - Open"]
[Site "Bad Woerishofen"]
[Date "2013.03.02"]
[Round "3.86"]
[White "Haugg, Gerhard"]
[Black "Auschkalnis, Reinhard"]
[Result "1-0"]
[WhiteElo "1951"]
[BlackElo "1835"]
[Annotator "chessorg"]
[PlyCount "53"]
[EventDate "2013.??.??"]
[WhiteTeam "Spgem Koetz/Ichenhausen"]
[BlackTeam "Schachclub Bonn Beuel"]

1. e4 c5 2. f4 d6 3. Nf3 Nc6 4. Nc3 g6 5. Bc4 Bg7 6. O-O e6 7. d3 Nge7 8. Qe1
O-O 9. f5 exf5 10. Qh4 fxe4 11. Ng5 h6 12. Nxf7 Rxf7 13. Rxf7 d5 14. Bxd5 Nxd5
15. Qxd8+ Nxd8 16. Rxg7+ Kxg7 17. Nxd5 Bf5 18. Nc7 Rc8 19. Ne8+ Kf8 20. Nd6 Rc6
21. Nxe4 Kg7 22. Ng3 Bd7 23. Bd2 g5 24. Rf1 Kg6 25. Bc3 b6 26. Rf8 Nf7 27. Rg8+
1-0

[Event "Schachfestival 2013 - Open"]
[Site "Bad Woerishofen"]
[Date "2013.03.03"]
[Round "4.1"]
[White "Mainka, Romuald"]
[Black "Epishin, Vladimir"]
[Result "1/2-1/2"]
[WhiteElo "2430"]
[BlackElo "2607"]
[Annotator "chessorg"]
[PlyCount "59"]
[EventDate "2013.??.??"]
[WhiteTeam "Schachclub Hansa Dortmund e.V."]
[BlackTeam "Luebecker SV von 1873"]

1. e4 b6 2. d4 Bb7 3. Bd3 e6 4. Nd2 d6 5. Ne2 Nf6 6. O-O Be7 7. c3 c5 8. a3 O-O
9. Ng3 cxd4 10. cxd4 Ba6 11. Bxa6 Nxa6 12. Qe2 Nc7 13. e5 Nfd5 14. Nf3 Qd7 15.
Ne4 dxe5 16. dxe5 Rac8 17. Rd1 Rfd8 18. Bg5 Ne8 19. h3 h6 20. Bxe7 Qxe7 21. Rd4
Rc6 22. Rad1 Rdc8 23. h4 Rc2 24. R4d2 Rc1 25. Rxc1 Rxc1+ 26. Rd1 Rxd1+ 27. Qxd1
Qd7 28. Nc3 Nec7 29. Qd3 Qc6 30. Nd4 1/2-1/2

[Event "Schachfestival 2013 - Open"]
[Site "Bad Woerishofen"]
[Date "2013.03.03"]
[Round "4.2"]
[White "Pap, Misa"]
[Black "Pirrot, Dieter"]
[Result "1-0"]
[WhiteElo "2511"]
[BlackElo "2377"]
[Annotator "chessorg"]
[PlyCount "75"]
[EventDate "2013.??.??"]
[WhiteTeam "Sfr. Korbach"]
[BlackTeam "SV Hofheim"]

1. e4 e6 2. d4 d5 3. Nd2 Nf6 4. e5 Nfd7 5. f4 c5 6. c3 Nc6 7. Ndf3 Qb6 8. a3
Be7 9. h4 cxd4 10. cxd4 f6 11. Bd3 a5 12. b3 O-O 13. Ne2 h6 14. h5 Qd8 15. Bb1
f5 16. Kf2 Nb6 17. Qg1 a4 18. b4 Nc4 19. g4 Qb6 20. Qg3 fxg4 21. Qxg4 N6xe5 22.
Nxe5 Nxe5 23. Qg2 Bd7 24. Rg1 Bh4+ 25. Kf1 g5 26. dxe5 Bb5 27. Qf3 Rac8 28. Be3
d4 29. Qe4 Rf5 30. Bxd4 Qa6 31. Ra2 Rc1+ 32. Kg2 Rxb1 33. Qxb1 Bxe2 34. Rc2
Bf3+ 35. Kh2 Bd5 36. Rg4 b5 37. Rxh4 gxh4 38. Qg1+ 1-0

[Event "Schachfestival 2013 - Open"]
[Site "Bad Woerishofen"]
[Date "2013.03.03"]
[Round "4.4"]
[White "Skembris, Spyridon"]
[Black "Friedrich, Norbert"]
[Result "1/2-1/2"]
[WhiteElo "2448"]
[BlackElo "2321"]
[Annotator "chessorg"]
[PlyCount "138"]
[EventDate "2013.??.??"]
[WhiteTeam "SK Doppelbauer Kiel"]
[BlackTeam "SG Waldshut-Tiengen"]

1. c4 Nf6 2. Nc3 e5 3. g3 d5 4. cxd5 Nxd5 5. Bg2 Nb6 6. Nf3 Nc6 7. O-O Be7 8.
a3 O-O 9. b4 Be6 10. Rb1 f6 11. d3 a5 12. b5 Nd4 13. Nd2 Qc8 14. e3 Nf5 15. Qc2
Rd8 16. Bb2 Nd6 17. Rfc1 Kh8 18. Nb3 Ne8 19. Ne4 a4 20. Nbc5 Bd5 21. d4 exd4
22. Bxd4 Nc4 23. Ng5 fxg5 24. Bxd5 Nxa3 25. Qe4 Bxc5 26. Rxc5 Rxd5 27. Rxd5
Nxb1 28. Rxg5 Nf6 29. Qe7 Qf8 30. Rxg7 Qxe7 31. Rxe7 Rf8 32. Rxc7 Nd2 33. Kg2
Nb3 34. Bc3 a3 35. Rxb7 a2 36. Ra7 a1=Q 37. Bxa1 Nxa1 38. Rxa1 Rb8 39. Rb1 Ne8
40. Rb3 Rb6 41. e4 Nc7 42. Rc3 Nxb5 43. Rb3 Rb7 44. e5 Nd6 45. Rxb7 Nxb7 46. f4
Kg7 47. Kf3 Nc5 48. f5 Kf7 49. g4 Nd3 50. e6+ Kf6 51. g5+ Ke7 52. Ke4 Nb4 53.
h4 Kd6 54. h5 Nd5 55. h6 Nc3+ 56. Kd3 Nd5 57. Kd4 Ne7 58. Ke4 Ng8 59. g6 Nf6+
60. Kd4 Ke7 61. Ke5 Ng4+ 62. Kd5 Nf6+ 63. Kc6 hxg6 64. fxg6 Ng4 65. h7 Ne5+ 66.
Kc5 Nxg6 67. Kd5 Nh8 68. Ke5 Ng6+ 69. Kf5 Nh8 1/2-1/2

[Event "Schachfestival 2013 - Open"]
[Site "Bad Woerishofen"]
[Date "2013.03.03"]
[Round "4.5"]
[White "Rogobete, Nikolas"]
[Black "Zude, Arno"]
[Result "1/2-1/2"]
[WhiteElo "2244"]
[BlackElo "2461"]
[Annotator "chessorg"]
[PlyCount "89"]
[EventDate "2013.??.??"]
[WhiteTeam "SC Tuerkheim/Bad Woerishofen"]
[BlackTeam "SV 1920 Hofheim"]

1. e4 e5 2. Nf3 Nc6 3. d4 exd4 4. Nxd4 Nf6 5. Nc3 Bb4 6. Nxc6 bxc6 7. Bd3 d5 8.
exd5 cxd5 9. O-O O-O 10. h3 c6 11. Qf3 Rb8 12. Bf4 Bd6 13. b3 Rb4 14. Bxd6 Qxd6
15. Ne2 a5 16. c3 Rb8 17. Rfe1 c5 18. Ng3 g6 19. Qe3 Re8 20. Qh6 Bd7 21. Rad1
a4 22. Bc2 axb3 23. axb3 Rxe1+ 24. Rxe1 Ra8 25. Qc1 Kg7 26. Bd3 Qb6 27. Qc2 Be6
28. Rb1 Qc7 29. Qd2 Rd8 30. Ne2 c4 31. Bc2 cxb3 32. Bxb3 Ne4 33. Qd4+ Kg8 34.
Bc2 Rc8 35. Bxe4 dxe4 36. Ra1 Qc4 37. Qe3 Qd3 38. Rc1 Bc4 39. Nd4 Qxe3 40. fxe3
Kg7 41. Kf2 Kf6 42. Rb1 Be6 43. Rc1 Bc4 44. Rb1 Be6 45. Rc1 1/2-1/2

[Event "Schachfestival 2013 - Open"]
[Site "Bad Woerishofen"]
[Date "2013.03.03"]
[Round "4.6"]
[White "Belezky, Alexander"]
[Black "Stiller, Patrick"]
[Result "1-0"]
[WhiteElo "2446"]
[BlackElo "2165"]
[Annotator "chessorg"]
[PlyCount "91"]
[EventDate "2013.??.??"]
[WhiteTeam "FC Bayern Muenchen e.V."]
[BlackTeam "SK Marktoberdorf"]

1. e4 c6 2. d4 d5 3. exd5 cxd5 4. Bd3 Nc6 5. c3 Nf6 6. Bf4 g6 7. Qb3 Bg7 8. Nf3
O-O 9. Nbd2 a6 10. h3 Re8 11. Ne5 Nxe5 12. Bxe5 Nh5 13. Bxg7 Kxg7 14. Nf3 Nf4
15. Bf1 Qd6 16. g3 Nh5 17. Bg2 Bf5 18. O-O Be4 19. Ne5 Bxg2 20. Kxg2 Rab8 21.
a4 b6 22. Rae1 Nf6 23. Qd1 Ne4 24. f3 Nf6 25. g4 h6 26. Qd2 Rh8 27. Qe2 b5 28.
Nd3 e6 29. Ra1 Rb7 30. Nc5 Rb6 31. axb5 axb5 32. b4 Rd8 33. Ra7 Re8 34. Qe5
Qxe5 35. dxe5 Ng8 36. Rfa1 Re7 37. Rxe7 Nxe7 38. Ra7 Nc6 39. Nxe6+ Kg8 40. Ra8+
Kh7 41. Nf8+ Kg7 42. Nd7 Rb7 43. Nc5 Rc7 44. f4 d4 45. Ne4 dxc3 46. Nf6 1-0

[Event "Schachfestival 2013 - Open"]
[Site "Bad Woerishofen"]
[Date "2013.03.03"]
[Round "4.8"]
[White "Fiderer, Lukas"]
[Black "Levin, Felix"]
[Result "0-1"]
[WhiteElo "2259"]
[BlackElo "2512"]
[Annotator "chessorg"]
[PlyCount "67"]
[EventDate "2013.??.??"]
[WhiteTeam "OSG Baden-Baden"]
[BlackTeam "Schachverein Muelheim-Nord 1931 e"]

1. e4 e5 2. Nf3 Nc6 3. Bb5 Nge7 4. Nc3 a6 5. Bc4 b5 6. Bb3 h6 7. Nd5 Ng6 8. O-O
Na5 9. c3 Nxb3 10. Qxb3 d6 11. d4 Bg4 12. Nd2 Be6 13. Qc2 c6 14. Ne3 Be7 15.
Nf3 Qc7 16. Rd1 Bc8 17. a4 Rb8 18. axb5 axb5 19. Nf5 O-O 20. b3 Re8 21. Ba3
Bxf5 22. exf5 Nf4 23. g3 Nd5 24. c4 bxc4 25. bxc4 Nf6 26. dxe5 dxe5 27. Re1
Bxa3 28. Rxa3 e4 29. Nd2 Qe5 30. Rae3 Rb2 31. Qc1 Reb8 32. Nxe4 Qxf5 33. Nxf6+
Qxf6 34. Qc3 0-1

[Event "Schachfestival 2013 - Open"]
[Site "Bad Woerishofen"]
[Date "2013.03.03"]
[Round "4.10"]
[White "Gutman, Lev"]
[Black "Felgendreher, Heiko"]
[Result "1-0"]
[WhiteElo "2470"]
[BlackElo "2208"]
[Annotator "chessorg"]
[PlyCount "75"]
[EventDate "2013.??.??"]
[WhiteTeam "SV Lingen"]
[BlackTeam "Freibauer Moerlenbach-Birkenau"]

1. Nf3 Nf6 2. g3 g6 3. Bg2 Bg7 4. O-O O-O 5. d4 d5 6. c4 dxc4 7. Na3 Nc6 8.
Nxc4 Be6 9. b3 a5 10. Bb2 Bd5 11. Ne3 Be4 12. a3 Nd5 13. Nc4 Qc8 14. Ncd2 Bxf3
15. Nxf3 Rd8 16. Qc2 e6 17. e4 Nde7 18. Rfd1 Qb8 19. Rd3 Qa7 20. Rad1 Qb6 21.
d5 exd5 22. Bxg7 Kxg7 23. exd5 Na7 24. Ne5 Nb5 25. a4 Nd6 26. Qc3 f6 27. Ng4
Ng8 28. Re1 Re8 29. Re6 Rxe6 30. dxe6 Re8 31. Ne3 Ne7 32. g4 h6 33. h4 g5 34.
hxg5 hxg5 35. Rd5 Qb4 36. Rxg5+ Ng6 37. Qxc7+ Kf8 38. Rxg6 1-0

[Event "Schachfestival 2013 - Open"]
[Site "Bad Woerishofen"]
[Date "2013.03.03"]
[Round "4.12"]
[White "Kuhne, Detlev"]
[Black "Ivanov, Mikhail"]
[Result "0-1"]
[WhiteElo "2155"]
[BlackElo "2390"]
[Annotator "chessorg"]
[PlyCount "58"]
[EventDate "2013.??.??"]
[WhiteTeam "Schachclub Hans Clauert Trebbi"]
[BlackTeam "Bad Mergentheim"]

1. Nf3 c5 2. c4 g6 3. Nc3 Bg7 4. d4 cxd4 5. Nxd4 Nc6 6. Nb3 d6 7. e4 a5 8. Be3
a4 9. Nd4 Qa5 10. a3 Nf6 11. f3 Bd7 12. Rc1 Nxd4 13. Bxd4 Bc6 14. Be2 O-O 15.
O-O Nd7 16. Bxg7 Kxg7 17. Qd4+ f6 18. Nd5 e5 19. Qc3 Bxd5 20. Qxa5 Rxa5 21.
cxd5 Rc5 22. Rxc5 Nxc5 23. Rc1 f5 24. Rc4 fxe4 25. fxe4 Rf4 26. Bf3 Kf7 27. Kf2
h5 28. Rc2 Nxe4+ 29. Ke3 Nc5 0-1

[Event "Schachfestival 2013 - Open"]
[Site "Bad Woerishofen"]
[Date "2013.03.03"]
[Round "4.14"]
[White "Neumann, Joachim"]
[Black "Lupor, Andre"]
[Result "1/2-1/2"]
[WhiteElo "2169"]
[BlackElo "2293"]
[Annotator "chessorg"]
[PlyCount "33"]
[EventDate "2013.??.??"]
[WhiteTeam "Kieler SG von 1884 / Meerbauer"]
[BlackTeam "Schachgemeinschaft Ennepe-Ruhr-S"]

1. c4 c5 2. g3 Nc6 3. Bg2 g6 4. Nc3 Bg7 5. Nf3 e5 6. O-O Nge7 7. Ne1 d6 8. Nc2
Be6 9. Ne3 a6 10. Ned5 Rb8 11. a4 O-O 12. d3 a5 13. Bg5 f6 14. Bd2 Nb4 15.
Nxe7+ Qxe7 16. Nd5 Bxd5 17. cxd5 1/2-1/2

[Event "Schachfestival 2013 - Open"]
[Site "Bad Woerishofen"]
[Date "2013.03.03"]
[Round "4.15"]
[White "Lampert, Jonas"]
[Black "Stuemer, Paul"]
[Result "1/2-1/2"]
[WhiteElo "2281"]
[BlackElo "2117"]
[Annotator "chessorg"]
[PlyCount "69"]
[EventDate "2013.??.??"]
[WhiteTeam "Hamburger SK von 1830 eV"]
[BlackTeam "SV Bergneustadt/Derschlag"]

1. e4 c5 2. Nf3 Nc6 3. d4 cxd4 4. Nxd4 g6 5. Nc3 Bg7 6. Be3 Nf6 7. Bc4 O-O 8.
Bb3 e6 9. Qd2 d5 10. exd5 Nxd5 11. Nxd5 exd5 12. O-O Ne5 13. Bh6 Bxh6 14. Qxh6
Qf6 15. Qd2 Rd8 16. Rfe1 Nc4 17. Bxc4 dxc4 18. c3 Bf5 19. Qf4 Kg7 20. Nxf5+
Qxf5 21. Qxf5 gxf5 22. Rad1 Kf6 23. f4 Rac8 24. Kf2 Rxd1 25. Rxd1 Rc6 26. Kf3
Rb6 27. Rd2 Kg6 28. Ke2 Kh5 29. Kf3 Kg6 30. h3 h6 31. g3 Kf6 32. a3 Kg6 33. Kf2
Kf6 34. Kf3 Kg6 35. Kf2 1/2-1/2

[Event "Schachfestival 2013 - Open"]
[Site "Bad Woerishofen"]
[Date "2013.03.03"]
[Round "4.16"]
[White "Karpatchev, Aleksandr"]
[Black "Koch, Till"]
[Result "1-0"]
[WhiteElo "2487"]
[BlackElo "1869"]
[Annotator "chessorg"]
[PlyCount "45"]
[EventDate "2013.??.??"]
[WhiteTeam "SF Bad Mergentheim"]
[BlackTeam "Schachverein Unser Fritz Wanne-E"]

1. e4 e6 2. d4 d5 3. Nd2 dxe4 4. Nxe4 Nd7 5. Nf3 Ngf6 6. Nxf6+ Nxf6 7. Be3 Be7
8. Bd3 O-O 9. c3 Nd5 10. Bd2 c5 11. Qc2 Nf6 12. O-O-O Qd5 13. c4 Qc6 14. Bc3
cxd4 15. Bxd4 h6 16. Ne5 Qc7 17. f4 b6 18. g4 Rd8 19. Bc3 Nd7 20. Bh7+ Kf8 21.
Nxf7 Nf6 22. Nxd8 Bxd8 23. Be5 1-0

[Event "Schachfestival 2013 - Open"]
[Site "Bad Woerishofen"]
[Date "2013.03.03"]
[Round "4.17"]
[White "Braun, Christian"]
[Black "Baeuml, Ulrich"]
[Result "1-0"]
[WhiteElo "2385"]
[BlackElo "2094"]
[Annotator "chessorg"]
[PlyCount "75"]
[EventDate "2013.??.??"]
[WhiteTeam "DJK Aufwaerts St. Josef Aachen 19"]
[BlackTeam "SC Dillingen"]

1. e4 e6 2. d4 d5 3. Nc3 dxe4 4. Nxe4 Nd7 5. Nf3 Be7 6. c3 Ngf6 7. Nxf6+ Nxf6
8. Bd3 O-O 9. Ne5 c5 10. Be3 Qc7 11. Qf3 cxd4 12. cxd4 Qa5+ 13. Ke2 Bd7 14.
Nxd7 Nxd7 15. Qxb7 Rfd8 16. Qb5 Qxb5 17. Bxb5 Bf6 18. Bc6 Rab8 19. b3 Nb6 20.
Rhd1 Rbc8 21. Rac1 g6 22. a4 Rd6 23. Bb7 Rxc1 24. Rxc1 Bxd4 25. Rd1 e5 26. a5
Nd7 27. b4 Nf8 28. Bxd4 exd4 29. Kd3 Nd7 30. f4 Nf8 31. Rc1 Rd7 32. Bc8 Rd8 33.
b5 Ne6 34. Bxe6 fxe6 35. b6 axb6 36. axb6 Kf7 37. b7 Rb8 38. Rc7+ 1-0

[Event "Schachfestival 2013 - Open"]
[Site "Bad Woerishofen"]
[Date "2013.03.03"]
[Round "4.19"]
[White "Rahls, Peter"]
[Black "Stull, Norbert"]
[Result "1-0"]
[WhiteElo "2286"]
[BlackElo "2058"]
[Annotator "chessorg"]
[PlyCount "63"]
[EventDate "2013.??.??"]
[BlackTeam "Le Cavalier Differdange"]

1. e4 Nf6 2. e5 Nd5 3. c4 Nb6 4. d4 d6 5. exd6 exd6 6. h3 Be7 7. Nf3 Bf5 8. Nc3
Nc6 9. Be3 O-O 10. Be2 d5 11. c5 Nc4 12. O-O Re8 13. Bxc4 dxc4 14. Qa4 Bd3 15.
d5 Bxf1 16. dxc6 b5 17. Nxb5 Bd3 18. Bf4 Bxc5 19. Nxc7 Qf6 20. Nxe8 Rxe8 21. c7
Rc8 22. Re1 Bf5 23. Qxc4 Qb6 24. Bg3 Be6 25. Qd3 h6 26. b3 a5 27. Rd1 g6 28.
Nd4 Bd7 29. Ne2 Be6 30. Nc3 Be7 31. Nd5 Bxd5 32. Qxd5 1-0